00363nam a2200133Ia 45000010005000000080041000050820026000461000041000722450039001132600028001525900007001809010027001879990015002141296241024s9999 xx 000 0 und d aRD/344.092/R426l/2008 aRepública Dominicana (Leyes, etc.) 0aLey General de Archivos No. 481-08 b[*SIN EDITORIAL*]c2008 asi a16/3/2011 3:42:21 p.m. c9553d9553